00460nam a2200133Ia 4500008004100000020001500041040004400056100002500100245007700125260003200202300003400234500004100268999001700309180412s9999||||xx |||||||||||||| ||und|| a072730402X aAhmadu Bello University Library - Zaria aRosenblueth, Emillio 0aDesign of earthquake resistant structures.cedited by Emilio Rosenblueth aLondonbPentech Pressc1980 a295p.: ill., diagrs., tables. aIncludes bibliographical references. c16153d16153